International relations / (Record no. 138314)

MARC details
000 -LEADER
fixed length control field 00676nam a22002057a 4500
005 - DATE AND TIME OF LATEST TRANSACTION
control field 20170322111545.0
010 ## - LCCN (DPL NO)
LC control number ENG-117514
020 ## - INTERNATIONAL STANDARD BOOK NUMBER
International Standard Book Number 9789384782665
Terms of availability 950.00
035 ## - SYSTEM CONTROL NUMBER
System control number EN-101046
037 ## - SOURCE OF ACQUISITION
Source of stock number/acquisition DBAD/PUB
082 ## - DEWEY DECIMAL CLASSIFICATION NUMBER
Classification number 327.54
100 ## - MAIN ENTRY--PERSONAL NAME
Personal name Singh, Rama
245 ## - TITLE STATEMENT
Title International relations /
Statement of responsibility, etc by Rama Singh [and] Ishita singh
260 ## - PUBLICATION, DISTRIBUTION, ETC. (IMPRINT)
Place of publication, distribution, etc Delhi
Name of publisher, distributor, etc Disha International Publishing House
Date of publication, distribution, etc 2016
270 ## - ADDRESS
Address F-7, Gali no. 1, Panchsheel Garden Ext. Naveen Shahdra
City Delhi
Postal code 110032
300 ## - PHYSICAL DESCRIPTION
Extent xiv,304p.
Other physical details 24cm(Hb)
500 ## - GENERAL NOTE
General note includes bibliographical references and index
700 ## - ADDED ENTRY--PERSONAL NAME
Personal name Singh, Ishita
942 ## - ADDED ENTRY ELEMENTS (KOHA)
Source of classification or shelving scheme Dewey Decimal Classification
Item type English Books
Classification part 327.54
Call number suffix SIN
Holdings
Withdrawn status Lost status Not for loan Collection code Home library Current library Date acquired Source of acquisition Cost, normal purchase price Full call number Barcode Copy number Cost, replacement price Koha item type
    Not For Loan Non-fiction Shahdara Branch Shahdara Branch 17/03/2017 DBAD/PUB 950.00 327.54 RAM EN-101046 1 950.00 English Books

© Delhi Public Library
Hit Counter
free hit counter